000 00509nam a22001697a 4500
005 20251108165021.0
008 250721s1983 xx 000 0 ara d
082 1 4 _a539.76/هشا
100 1 _aغصيب، هشام
245 1 0 _aظاهرتي القوة النووية و طاقة الإنشطار النووي /
264 1 _aبيروت :
_bمؤسسة الرسالة،
_c1983.
300 _a83ص.
650 1 7 _aالذرات
650 1 7 _aالطاقة النووية
942 _2ddc
_cBK
999 _c20012
_d20012